Rock Albums #1 - Statistics

General Stats
  • This quiz has been taken 108 times
  • The average score is 19 of 30
Answer Stats
Album Band % Correct
Dark Side of the Moon Pink Floyd
97%
Back in Black AC/DC
96%
Hotel California Eagles
93%
Sgt. Pepper's Lonely Hearts Club Band The Beatles
92%
Paranoid Black Sabbath
91%
London Calling The Clash
84%
School's Out Alice Cooper
82%
In Utero Nirvana
78%
The Joshua Tree U2
78%
Slippery When Wet Bon Jovi
77%
Sticky Fingers The Rolling Stones
74%
Rumours Fleetwood Mac
73%
...And Justice for All Metallica
72%
Physical Graffiti Led Zeppelin
70%
Who's Next The Who
70%
OK Computer Radiohead
66%
Hysteria Def Leppard
64%
Ten Pearl Jam
62%
Blood Sugar Sex Magik Red Hot Chili Peppers
62%
Toys in the Attic Aerosmith
53%
Fear of the Dark Iron Maiden
50%
Toxicity System of a Down
47%
Moving Pictures Rush
43%
Disraeli Gears Cream
36%
Superunknown Soundgarden
32%
Escape Journey
28%
Elephant The White Stripes
24%
Hot Fuss The Killers
23%
Overkill Motorhead
22%
End of the Century Ramones
18%
No matching quizzes found
Score Distribution
Percent of People with Each Score
Percentile by Number Answered
Your Score History
You have not taken this quiz